000 00349pab a2200145 454500
008 180718b1983 xxu||||| |||| 00| 0 eng d
100 _aSen, Gopi Nath
245 _aLife and culture of the Santals
260 _c1983
300 _a214-22
362 _aJuly-Aug.
650 _aTribes and Tribal System
773 _aModern Review
909 _a19646
999 _c19646
_d19646